Ciencia social y valores en Max Weber /
El autor se propone, a partir directamente de la obra del clásico de la sociología Max Weber (1864-1920), dilucidar con la mayor claridad posible cuáles fueron sus posiciones en punto a la relación entre la ciencia social y los valores. Con tal propósito organiza su argumentación en siete proposicio...
Salvato in:
| Autore principale: | |
|---|---|
| Natura: | testo |
| Soggetti: | |
| Tags: |
Aggiungi Tag
Nessun Tag, puoi essere il primo ad aggiungerne!!
|
MARC
| LEADER | 00000 a a2200000 04500 | ||
|---|---|---|---|
| 001 | 14471 | ||
| 003 | |||
| 040 | |||
| 100 | |a Rovira Mas, Jorge | ||
| 245 | |a Ciencia social y valores en Max Weber / |c Jorge Rovira Mas | ||
| 520 | |a El autor se propone, a partir directamente de la obra del clásico de la sociología Max Weber (1864-1920), dilucidar con la mayor claridad posible cuáles fueron sus posiciones en punto a la relación entre la ciencia social y los valores. Con tal propósito organiza su argumentación en siete proposiciones con comentarios en torno a ellas | ||
| 650 | |a CIENCIAS SOCIALES | ||
| 650 | |a SISTEMAS DE VALORES | ||
| 773 | |g número 103 -104 (I -II); páginas 127-142 | ||
| 999 | |c 36823 |d 36823 | ||
| 773 | 0 | |0 18728 |9 3035 |a Universidad de Costa Rica |d San José, Costa Rica Editorial UCR 1956- |o 18151 |t Revista de Ciencias Sociales/ |x 04825276 | |
